| 000 | 00618nam a22001817a 4500 | ||
|---|---|---|---|
| 999 |
_c11139 _d11139 |
||
| 003 | AR-CdUCM | ||
| 008 | 190403b ||||| |||| 00| 0 spa d | ||
| 040 |
_aMUNICIPALIDAD PROVINCIAL DEL CUSCO _cBIBLIOTECA MUNICIPAL DEL CUSCO |
||
| 082 |
_aES / 338.962 / _bG78 |
||
| 110 |
_aTimun mas, s.a. _928330 |
||
| 245 | _aLas grandes industrias / | ||
| 260 |
_aBarcelona : _bTimun mas, s.a., _c1959. |
||
| 300 |
_a94 paginas _c32 cm. |
||
| 505 | _aContenido :La electricidad -- El petroleo -- El carbón -- La siderurgia -- Industrias diversas ... | ||
| 650 |
_aQuímica pura _910177 |
||
| 942 |
_2ddc _cLIBROS |
||
| 945 | _arum | ||